000
00336nam a22001457a 4500
020
_a
978-93-325--1862-9
082
_a
629.83
100
_a
Drof ,Richard C.
245
_a
Modern Control System /
250
_a
12th ed.
260
_a
New Delhi :
_b
Pearson,
_c
2014.
300
_a
1043 p. ;
_b
25 cm.
500
_a
Paperback.
942
_c
BK
999
_c
33774
_d
33774